[Event "GBR-ch89 Senior"]
[Site "Torquay"]
[Date "2002.08.07"]
[Round "5"]
[White "Smith, David"]
[Black "Donaghay, Richard H"]
[Result "1/2-1/2"]
[WhiteElo "1704"]
[BlackElo "1712"]
[PlyCount "55"]
[EventDate "2002.08.03"]
[EventType "swiss"]
[EventRounds "7"]
[EventCountry "GBR"]

1. e4 c5 2. Nf3 d6 3. d4 cxd4 4. Nxd4 Nf6 5. Nc3 a6 6. Bg5 Nbd7 7. Be2 Qa5 8.
Qd2 b5 9. Nb3 Qc7 10. a3 Bb7 11. f3 e6 12. O-O Be7 13. Rad1 O-O 14. Qe1 Rac8
15. Qh4 Ne5 16. Rd2 Qb6+ 17. Kh1 h6 18. Bxf6 Bxf6 19. Qg3 Be7 20. f4 Nc4 21.
Bxc4 bxc4 22. Nd4 Kh7 23. f5 e5 24. Nde2 Bg5 25. Rdd1 Rcd8 26. Qg4 Bc6 27. Rb1
Qb7 28. Rfd1 1/2-1/2

[Event "GBR-ch89 Senior"]
[Site "Torquay"]
[Date "2002.08.07"]
[Round "5"]
[White "Toothill, John"]
[Black "Smith, Ivor BN"]
[Result "1-0"]
[WhiteElo "2048"]
[BlackElo "1976"]
[PlyCount "67"]
[EventDate "2002.08.03"]
[EventType "swiss"]
[EventRounds "7"]
[EventCountry "GBR"]

1. c4 Nf6 2. Nc3 g6 3. g3 Bg7 4. Bg2 O-O 5. e3 d6 6. Nge2 c6 7. O-O Na6 8. Rb1
Nc7 9. b4 d5 10. d3 e5 11. Qc2 Qe7 12. b5 Rd8 13. bxc6 bxc6 14. Qa4 Qe6 15. Qa5
Nfe8 16. cxd5 cxd5 17. Ba3 Ba6 18. Rfd1 Rac8 19. Na4 Bf8 20. Bxf8 Kxf8 21. Nc5
Qd6 22. Rdc1 Rb8 23. Nc3 Rb6 24. N3a4 Rb5 25. Rxb5 Bxb5 26. Nb7 Qa3 27. Rc3
Qxa2 28. Qb4+ Kg8 29. Nxd8 Qxa4 30. Qxa4 Bxa4 31. Ra3 Bb5 32. Rxa7 Bxd3 33. Nc6
f6 34. Ne7+ 1-0

[Event "GBR-ch89 Senior"]
[Site "Torquay"]
[Date "2002.08.07"]
[Round "5"]
[White "Westra, Roelof D"]
[Black "Gill, Neville"]
[Result "1/2-1/2"]
[WhiteElo "2000"]
[BlackElo "2112"]
[PlyCount "67"]
[EventDate "2002.08.03"]
[EventType "swiss"]
[EventRounds "7"]
[EventCountry "GBR"]

1. d4 Nf6 2. Nc3 d5 3. Bg5 Bf5 4. e3 e6 5. Bd3 Bg6 6. h4 c5 7. Bb5+ Nc6 8. h5
Bf5 9. Bxf6 Qxf6 10. g4 cxd4 11. exd4 Bxc2 12. Qxc2 Qxd4 13. Nge2 Qb6 14. Bxc6+
bxc6 15. Kf1 Rc8 16. Rc1 Bd6 17. h6 g6 18. Na4 Qb4 19. Qc3 Qxc3 20. Rxc3 Kd7
21. Nc5+ Bxc5 22. Rxc5 e5 23. Kg2 f5 24. Rhc1 Rhf8 25. b4 a6 26. a4 fxg4 27. b5
axb5 28. axb5 cxb5 29. Rxd5+ Ke6 30. Rxc8 Rxc8 31. Rxb5 Rc7 32. Rb8 Kf5 33. Rg8
Kg5 34. Re8 1/2-1/2

[Event "GBR-ch89 Senior"]
[Site "Torquay"]
[Date "2002.08.07"]
[Round "5"]
[White "Woodcock, Roy"]
[Black "Macrae, James"]
[Result "1-0"]
[WhiteElo "1664"]
[BlackElo "1520"]
[PlyCount "99"]
[EventDate "2002.08.03"]
[EventType "swiss"]
[EventRounds "7"]
[EventCountry "GBR"]

1. e4 Nc6 2. Nf3 d6 3. Bc4 Nf6 4. d3 Bg4 5. Nbd2 e5 6. c3 Qd7 7. Qc2 Na5 8. Bb3
Nxb3 9. Qxb3 Rb8 10. O-O Be7 11. Re1 O-O 12. d4 exd4 13. cxd4 h6 14. e5 Nh7 15.
Ne4 Rfe8 16. Bf4 Nf8 17. h3 Bh5 18. Ng3 Bg6 19. Rac1 Ne6 20. Be3 Rec8 21. d5
Nc5 22. Bxc5 dxc5 23. Rcd1 Re8 24. Nh2 b5 25. f4 c4 26. Qf3 Bh4 27. Nhf1 Bd3
28. Re3 Rbd8 29. Rexd3 cxd3 30. Qxd3 Be7 31. Ne4 a6 32. Ne3 Qc8 33. Ng4 Rd7 34.
Qg3 Kh8 35. Ne3 Bf8 36. Kh2 Red8 37. Qf3 Qb8 38. g4 Qb6 39. g5 Be7 40. gxh6
gxh6 41. Rc1 c5 42. d6 Bxd6 43. exd6 Qb7 44. Nf5 Rxd6 45. Nfxd6 Rxd6 46. Qc3+
Rd4 47. Nxc5 Qd5 48. Rd1 Kh7 49. Qxd4 Qh5 50. Rg1 1-0

[Event "GBR-ch89 Senior"]
[Site "Torquay"]
[Date "2002.08.08"]
[Round "6"]
[White "Byre, Peter I R"]
[Black "Nicolson, James R"]
[Result "1/2-1/2"]
[WhiteElo "1632"]
[BlackElo "1656"]
[PlyCount "34"]
[EventDate "2002.08.03"]
[EventType "swiss"]
[EventRounds "7"]
[EventCountry "GBR"]

1. e4 c5 2. Nf3 Nf6 3. e5 Nd5 4. c3 Nc6 5. Bc4 Nb6 6. Bb5 a6 7. Bxc6 bxc6 8. d4
cxd4 9. cxd4 g6 10. O-O Bg7 11. Bg5 h6 12. Bf4 O-O 13. Qc2 Nd5 14. Bd2 Qc7 15.
Nc3 Nxc3 16. Qxc3 f6 17. Rfe1 d5 1/2-1/2

[Event "GBR-ch89 Senior"]
[Site "Torquay"]
[Date "2002.08.08"]
[Round "6"]
[White "Donaghay, Richard H"]
[Black "Downham, Alan"]
[Result "1-0"]
[WhiteElo "1712"]
[BlackElo "1880"]
[PlyCount "77"]
[EventDate "2002.08.03"]
[EventType "swiss"]
[EventRounds "7"]
[EventCountry "GBR"]

1. e4 c5 2. d3 Nc6 3. g3 e6 4. Bg2 d5 5. Nc3 d4 6. Nce2 e5 7. Nf3 Be7 8. O-O g5
9. Ne1 Nf6 10. Bxg5 h5 11. Bxf6 Bxf6 12. h3 Qd6 13. Kh2 Bd7 14. a3 O-O-O 15.
Qd2 Rdg8 16. Nf3 Be6 17. b4 cxb4 18. axb4 Qxb4 19. Qxb4 Nxb4 20. Rxa7 Kb8 21.
Ra5 Rc8 22. Nxe5 Nxc2 23. Rb1 h4 24. Nxf7 hxg3+ 25. fxg3 Bxf7 26. e5 Rc7 27.
exf6 Ne3 28. Rba1 Rc2 29. Ra8+ Kc7 30. Rxh8 Rxe2 31. Rh7 Rxg2+ 32. Kh1 Rxg3 33.
Rxf7+ Kd6 34. Rh7 Rf3 35. f7 Ke5 36. Ra8 Rf1+ 37. Kh2 Rf2+ 38. Kg3 Rg2+ 39. Kf3
1-0

[Event "GBR-ch89 Senior"]
[Site "Torquay"]
[Date "2002.08.08"]
[Round "6"]
[White "Ellison, D George"]
[Black "Anderton, David W"]
[Result "1-0"]
[WhiteElo "2016"]
[BlackElo "2152"]
[PlyCount "79"]
[EventDate "2002.08.03"]
[EventType "swiss"]
[EventRounds "7"]
[EventCountry "GBR"]

1. c4 f5 2. b3 d6 3. f4 e5 4. Nh3 Nf6 5. g3 c6 6. fxe5 dxe5 7. Bb2 Qc7 8. Bg2
Bc5 9. e3 O-O 10. O-O Ng4 11. Nf2 Nxf2 12. Rxf2 e4 13. Nc3 Nd7 14. Ne2 Ne5 15.
Nf4 Ng4 16. Rf1 Bd7 17. a3 a5 18. Qc2 Bd6 19. c5 Be5 20. Qc4+ Kh8 21. Bd4 Rae8
22. h3 Nf6 23. h4 Bc8 24. Rad1 Bxd4 25. Qxd4 Rd8 26. Qc3 Nd5 27. Qb2 Qe7 28.
Nxd5 cxd5 29. b4 Qc7 30. Kh2 Rf6 31. d3 Rdf8 32. dxe4 dxe4 33. Rd2 axb4 34.
axb4 b6 35. cxb6 Qxb6 36. Qd4 Qc7 37. Qc5 Qb8 38. b5 Bb7 39. Rc1 h6 40. Qe7 {
time} 1-0

[Event "GBR-ch89 Senior"]
[Site "Torquay"]
[Date "2002.08.08"]
[Round "6"]
[White "Flockhart, Hugh S"]
[Black "Smith, David"]
[Result "0-1"]
[WhiteElo "1704"]
[BlackElo "1704"]
[PlyCount "72"]
[EventDate "2002.08.03"]
[EventType "swiss"]
[EventRounds "7"]
[EventCountry "GBR"]

1. e4 Nf6 2. Bd3 g6 3. Nf3 Bg7 4. c3 d6 5. Bc2 b6 6. O-O Bb7 7. Re1 O-O 8. d4
h6 9. Nbd2 Nbd7 10. e5 dxe5 11. dxe5 Ng4 12. e6 Nde5 13. h3 Nxf3+ 14. Nxf3 Qxd1
15. Bxd1 Nf6 16. exf7+ Kh7 17. Rxe7 Nd5 18. Re1 Nxc3 19. Bb3 Bxf3 20. gxf3 Nb5
21. Re7 c5 22. Bf4 Nd4 23. Bd5 Rad8 24. Bb7 Bf6 25. Rae1 Bxe7 26. Rxe7 Nf5 27.
Rc7 Nd6 28. Bc6 Rxf7 29. Bxd6 Rxc7 30. Bxc7 Rc8 31. Bxb6 axb6 32. Bb5 Kg7 33.
Bc4 Kf6 34. a4 Ke5 35. Kg2 Rd8 36. Kg3 g5 0-1

[Event "GBR-ch89 Senior"]
[Site "Torquay"]
[Date "2002.08.08"]
[Round "6"]
[White "Gill, Neville"]
[Black "Toothill, John"]
[Result "1-0"]
[WhiteElo "2112"]
[BlackElo "2048"]
[PlyCount "51"]
[EventDate "2002.08.03"]
[EventType "swiss"]
[EventRounds "7"]
[EventCountry "GBR"]

1. d4 d5 2. c4 c6 3. Nc3 Nf6 4. e3 g6 5. Nf3 Bg7 6. Be2 O-O 7. O-O b6 8. b4 Bf5
9. Qb3 e6 10. Ne5 g5 11. g4 Bg6 12. Ba3 Re8 13. b5 c5 14. Nxg6 hxg6 15. Bf3
Nbd7 16. cxd5 exd5 17. Nxd5 Rc8 18. Rac1 Ne4 19. Rfd1 cxd4 20. Rxc8 Qxc8 21.
exd4 Qd8 22. Qc2 Nef6 23. Nc7 Qc8 24. Rc1 Ne5 25. dxe5 Rxe5 26. Bd6 1-0

[Event "GBR-ch89 Senior"]
[Site "Torquay"]
[Date "2002.08.08"]
[Round "6"]
[White "Macdonald-Ross, Michael"]
[Black "Westra, Roelof D"]
[Result "1/2-1/2"]
[WhiteElo "2064"]
[BlackElo "2000"]
[PlyCount "48"]
[EventDate "2002.08.03"]
[EventType "swiss"]
[EventRounds "7"]
[EventCountry "GBR"]

1. d4 Nf6 2. Nf3 b6 3. e3 Bb7 4. Bd3 g6 5. c4 Bg7 6. Nc3 d5 7. b3 O-O 8. Bb2 e6
9. O-O dxc4 10. bxc4 c5 11. Qe2 Nc6 12. Rfd1 Qe7 13. Rac1 Rfd8 14. Bb1 Rac8 15.
d5 exd5 16. cxd5 Nb4 17. e4 Nbxd5 18. Nxd5 Nxd5 19. Bxg7 Kxg7 20. Rxd5 Rxd5 21.
Qb2+ Rd4 22. Nxd4 cxd4 23. Rxc8 Bxc8 24. Qxd4+ Kg8 1/2-1/2

[Event "GBR-ch89 Senior"]
[Site "Torquay"]
[Date "2002.08.08"]
[Round "6"]
[White "Macrae, James"]
[Black "Reddie, Michael J"]
[Result "1/2-1/2"]
[WhiteElo "1520"]
[BlackElo "1800"]
[PlyCount "84"]
[EventDate "2002.08.03"]
[EventType "swiss"]
[EventRounds "7"]
[EventCountry "GBR"]

1. d4 Nf6 2. Nf3 d5 3. e3 c6 4. Bd3 Bg4 5. Nbd2 e6 6. O-O Be7 7. c3 Nbd7 8. e4
dxe4 9. Nxe4 Nxe4 10. Bxe4 Nf6 11. Bc2 Qd5 12. Qd3 Bf5 13. Qe2 Bxc2 14. Qxc2
O-O 15. Ne5 c5 16. Be3 cxd4 17. Bxd4 a6 18. Rfd1 b5 19. Nf3 Qb7 20. Ng5 g6 21.
Qd3 h6 22. Nxe6 Rfc8 23. Nf4 Kh7 24. a3 Re8 25. Re1 Ng8 26. Re2 Bd6 27. Nh3 Qc7
28. g3 Rxe2 29. Qxe2 Qd7 30. Kg2 Qc6+ 31. f3 Re8 32. Qd2 Be5 33. Bxe5 Rxe5 34.
Nf4 Nf6 35. Re1 Rxe1 36. Qxe1 g5 37. Ne2 Qe6 38. Qb1+ Kg7 39. Nd4 Qe5 40. Nf5+
Kg6 41. Ne7+ Kg7 42. Nf5+ Kg6 1/2-1/2

[Event "GBR-ch89 Senior"]
[Site "Torquay"]
[Date "2002.08.08"]
[Round "6"]
[White "Pinkerton, Arthur"]
[Black "Woodcock, Roy"]
[Result "1/2-1/2"]
[WhiteElo "1768"]
[BlackElo "1664"]
[PlyCount "32"]
[EventDate "2002.08.03"]
[EventType "swiss"]
[EventRounds "7"]
[EventCountry "GBR"]

1. d4 d5 2. Nf3 Nf6 3. g3 Bf5 4. Bg2 c6 5. O-O e6 6. Nbd2 Be7 7. c4 O-O 8. b3
Nbd7 9. Bb2 h6 10. Ne5 Ne8 11. e4 dxe4 12. Nxe4 Ndf6 13. Nxf6+ Nxf6 14. Qe2 Qc7
15. Rfe1 Rae8 16. a3 Nd7 1/2-1/2

[Event "GBR-ch89 Senior"]
[Site "Torquay"]
[Date "2002.08.08"]
[Round "6"]
[White "Reuben, Stewart"]
[Black "Boyce, James R"]
[Result "1-0"]
[WhiteElo "2000"]
[BlackElo "1960"]
[PlyCount "53"]
[EventDate "2002.08.03"]
[EventType "swiss"]
[EventRounds "7"]
[EventCountry "GBR"]

1. c4 e6 2. b3 Nf6 3. Bb2 Be7 4. g3 d5 5. Nf3 c5 6. cxd5 exd5 7. d4 Nc6 8. Bg2
b6 9. O-O O-O 10. Nbd2 Bb7 11. Rc1 Rc8 12. dxc5 Bxc5 13. Ne5 Re8 14. Ndf3 Qd6
15. Nxc6 Bxc6 16. Nd4 Bd7 17. Qd3 Ne4 18. Qa6 Rc7 19. e3 Rec8 20. Nb5 Bxb5 21.
Qxb5 Qe6 22. b4 Nd6 23. Qd3 Bxb4 24. Qd4 Nf5 25. Qxb4 Nxe3 26. Rxc7 Rxc7 27.
Re1 1-0

[Event "GBR-ch89 Senior"]
[Site "Torquay"]
[Date "2002.08.08"]
[Round "6"]
[White "Smith, Ivor BN"]
[Black "Levens, David G"]
[Result "1/2-1/2"]
[WhiteElo "1976"]
[BlackElo "1848"]
[PlyCount "45"]
[EventDate "2002.08.03"]
[EventType "swiss"]
[EventRounds "7"]
[EventCountry "GBR"]

1. e4 c5 2. d4 cxd4 3. c3 Nf6 4. e5 Nd5 5. Bc4 Qc7 6. Qe2 Nb6 7. Bd3 Nc6 8. Nf3
d5 9. exd6 Qxd6 10. h3 e6 11. O-O Be7 12. cxd4 Nd5 13. Nc3 Nf4 14. Bxf4 Qxf4
15. Rad1 O-O 16. Bb1 Re8 17. d5 exd5 18. Nxd5 Qd6 19. Rfe1 g6 20. Qd2 Kg7 21.
b4 b5 22. a4 Ba6 23. axb5 1/2-1/2

[Event "GBR-ch89 Senior"]
[Site "Torquay"]
[Date "2002.08.08"]
[Round "6"]
[White "Thomas, Norman G"]
[Black "Heath, Jeffrey"]
[Result "0-1"]
[WhiteElo "1584"]
[BlackElo "1688"]
[PlyCount "56"]
[EventDate "2002.08.03"]
[EventType "swiss"]
[EventRounds "7"]
[EventCountry "GBR"]

1. e4 c5 2. Nf3 e6 3. d4 cxd4 4. Nxd4 Nf6 5. Nc3 d6 6. Be2 Be7 7. O-O a6 8. Be3
Bd7 9. Qd2 Nc6 10. f4 Qc7 11. Bf3 O-O 12. Nde2 Rac8 13. Ng3 Na5 14. Be2 Nc4 15.
Bxc4 Qxc4 16. h3 Rfd8 17. f5 b5 18. fxe6 fxe6 19. Qd3 b4 20. Qxc4 Rxc4 21. Nce2
Nxe4 22. Nxe4 Rxe4 23. Rf3 Bf6 24. c3 Bb5 25. Nd4 bxc3 26. bxc3 Bc4 27. Nc6 Rd7
28. Na5 Be2 0-1

[Event "GBR-ch89 Senior"]
[Site "Torquay"]
[Date "2002.08.08"]
[Round "6"]
[White "Tidmarsh, David A"]
[Black "Cook, Michael P"]
[Result "1/2-1/2"]
[WhiteElo "1648"]
[BlackElo "2088"]
[PlyCount "41"]
[EventDate "2002.08.03"]
[EventType "swiss"]
[EventRounds "7"]
[EventCountry "GBR"]

1. e4 e5 2. Nf3 Nc6 3. d4 exd4 4. Nxd4 Bb4+ 5. c3 Be7 6. Bf4 d6 7. Be2 Nf6 8.
Nd2 O-O 9. Qc2 Re8 10. O-O Bg4 11. f3 Bd7 12. Rad1 h6 13. Be3 Bf8 14. Bf2 g6
15. a3 Bg7 16. b4 a6 17. a4 a5 18. b5 Ne5 19. c4 b6 20. Rfe1 Kh8 21. Nb1
1/2-1/2

[Event "GBR-ch89 Senior"]
[Site "Torquay"]
[Date "2002.08.09"]
[Round "7"]
[White "Anderton, David W"]
[Black "Westra, Roelof D"]
[Result "1-0"]
[WhiteElo "2152"]
[BlackElo "2000"]
[PlyCount "91"]
[EventDate "2002.08.03"]
[EventType "swiss"]
[EventRounds "7"]
[EventCountry "GBR"]

1. d4 Nf6 2. c4 e6 3. Nc3 Bb4 4. Qc2 c5 5. dxc5 Na6 6. a3 Bxc3+ 7. Qxc3 Nxc5 8.
f3 a5 9. Nh3 d6 10. Bg5 O-O 11. e3 e5 12. Nf2 Re8 13. Qc2 Bd7 14. b3 h6 15. Bh4
Qb6 16. Rb1 Nh7 17. b4 axb4 18. axb4 Ne6 19. Nd1 Ra3 20. Bd3 Nhf8 21. Bf2 Rea8
22. O-O Ba4 23. Qd2 Bxd1 24. Rfxd1 Ra2 25. Rb2 Rxb2 26. Qxb2 Nd7 27. Bc2 Qc7
28. Qb3 Nb6 29. Bd3 Rc8 30. Rc1 Nd7 31. Rc2 g6 32. h4 Kg7 33. h5 gxh5 34. Bf5
Ndf8 35. Qd3 Qb6 36. b5 Nc5 37. Qd1 Rd8 38. f4 Ng6 39. Qxh5 e4 40. Qg4 Ra8 41.
Kh2 Ra1 42. Bxg6 fxg6 43. f5 g5 44. Qh5 d5 45. Bg3 Qf6 46. Qe8 1-0

[Event "GBR-ch89 Senior"]
[Site "Torquay"]
[Date "2002.08.09"]
[Round "7"]
[White "Byre, Peter I R"]
[Black "Thomas, Norman G"]
[Result "1/2-1/2"]
[WhiteElo "1632"]
[BlackElo "1584"]
[PlyCount "41"]
[EventDate "2002.08.03"]
[EventType "swiss"]
[EventRounds "7"]
[EventCountry "GBR"]

1. e4 c5 2. Nf3 Nf6 3. e5 Nd5 4. c3 e6 5. Bc4 Nb6 6. Be2 d5 7. d4 Bd7 8. O-O
Be7 9. Be3 cxd4 10. cxd4 Nc6 11. Nbd2 Rc8 12. a3 Na5 13. Rc1 Ba4 14. Rxc8 Qxc8
15. b3 Bd7 16. Qa1 O-O 17. Rc1 Qb8 18. b4 Nac4 19. Bd3 Nxe3 20. fxe3 f5 21.
exf6 1/2-1/2

[Event "GBR-ch89 Senior"]
[Site "Torquay"]
[Date "2002.08.09"]
[Round "7"]
[White "Cook, Michael P"]
[Black "Levens, David G"]
[Result "1-0"]
[WhiteElo "2088"]
[BlackElo "1848"]
[PlyCount "103"]
[EventDate "2002.08.03"]
[EventType "swiss"]
[EventRounds "7"]
[EventCountry "GBR"]

1. d4 Nf6 2. Nf3 g6 3. c4 c5 4. e3 Bg7 5. Nc3 O-O 6. Be2 cxd4 7. exd4 d6 8. O-O
Nbd7 9. Bg5 b6 10. Nd2 Ba6 11. Re1 h6 12. Bh4 Re8 13. Bf3 Rc8 14. Qa4 Nb8 15.
Rac1 g5 16. Bg3 Nfd7 17. Nb5 Bxb5 18. cxb5 f5 19. h3 e5 20. Bd5+ Kh8 21. f3
Rxc1 22. Rxc1 exd4 23. Bf2 Nc5 24. Qc4 Qf6 25. Rd1 Nbd7 26. Bc6 Re7 27. Bxd7
Rxd7 28. Nb3 d5 29. Qb4 Nxb3 30. Qxb3 d3 31. Qxd3 Qxb2 32. Qxf5 Rd8 33. Rxd5
Rf8 34. Qg6 Qa1+ 35. Kh2 Qf6 36. Qxf6 Bxf6 37. Rd7 Re8 38. Bd4 Bxd4 39. Rxd4
Re5 40. Rd8+ Kg7 41. Rd7+ Kg6 42. a4 h5 43. Rxa7 Kf5 44. Ra6 Kf4 45. Rxb6 Ke3
46. Rc6 g4 47. fxg4 hxg4 48. hxg4 Re4 49. a5 Re5 50. Rc3+ Kf4 51. Rc4+ Kg5 52.
Rb4 1-0

[Event "GBR-ch89 Senior"]
[Site "Torquay"]
[Date "2002.08.09"]
[Round "7"]
[White "Donaghay, Richard H"]
[Black "Smith, Ivor BN"]
[Result "0-1"]
[WhiteElo "1712"]
[BlackElo "1976"]
[PlyCount "52"]
[EventDate "2002.08.03"]
[EventType "swiss"]
[EventRounds "7"]
[EventCountry "GBR"]

1. e4 c5 2. d3 Nc6 3. g3 g6 4. Bg2 Bg7 5. f4 d6 6. Nf3 e6 7. O-O Nge7 8. c3 d5
9. e5 d4 10. c4 h5 11. Nbd2 Nf5 12. Ne4 Qe7 13. h3 f6 14. g4 hxg4 15. hxg4 Nh4
16. Nd6+ Kd8 17. Bd2 fxe5 18. fxe5 Nxf3+ 19. Rxf3 Nxe5 20. Bg5 Qxg5 21. Qe1
Nxf3+ 22. Bxf3 Qe3+ 23. Qxe3 dxe3 24. Nf7+ Kc7 25. Nxh8 Bxh8 26. Rb1 Bd7 0-1

[Event "GBR-ch89 Senior"]
[Site "Torquay"]
[Date "2002.08.09"]
[Round "7"]
[White "Downham, Alan"]
[Black "Flockhart, Hugh S"]
[Result "1/2-1/2"]
[WhiteElo "1880"]
[BlackElo "1704"]
[PlyCount "84"]
[EventDate "2002.08.03"]
[EventType "swiss"]
[EventRounds "7"]
[EventCountry "GBR"]

1. c4 e5 2. Nc3 Nf6 3. g3 d5 4. cxd5 Nxd5 5. Bg2 Nb6 6. Nf3 Bd6 7. d3 O-O 8.
O-O N8d7 9. Be3 c6 10. a3 Nf6 11. Rc1 Nbd5 12. Nxd5 Nxd5 13. Bc5 Bxc5 14. Rxc5
f6 15. Qb3 Kh8 16. Nd2 Qb6 17. Qc2 Be6 18. b4 Rac8 19. Rc1 h6 20. Nb3 Qd8 21.
Qb2 Nb6 22. Ra5 Ra8 23. Nc5 Bc8 24. Qd2 Nd5 25. Ra4 Nb6 26. Ra5 Nd5 27. Nb3 Be6
28. Rac5 Qe7 29. b5 Nb6 30. Na5 Na4 31. R5c2 Bd5 32. bxc6 Bxg2 33. cxb7 Bxb7
34. Rc7 Qxa3 35. Nxb7 Nb6 36. e4 Rfc8 37. Kg2 Rxc7 38. Rxc7 Rc8 39. Rxc8+ Nxc8
40. Qc2 Qf8 41. Qc4 Nb6 42. Qa6 Nc8 1/2-1/2

[Event "GBR-ch89 Senior"]
[Site "Torquay"]
[Date "2002.08.09"]
[Round "7"]
[White "Ellison, D George"]
[Black "Reuben, Stewart"]
[Result "1-0"]
[WhiteElo "2016"]
[BlackElo "2000"]
[PlyCount "61"]
[EventDate "2002.08.03"]
[EventType "swiss"]
[EventRounds "7"]
[EventCountry "GBR"]

1. c4 Nf6 2. g3 e6 3. Bg2 d5 4. Nf3 Nbd7 5. cxd5 exd5 6. O-O Be7 7. Nc3 O-O 8.
d4 c6 9. a3 Nb6 10. Ne5 Bf5 11. f3 Nfd7 12. g4 Be6 13. Nd3 c5 14. dxc5 Nxc5 15.
Nf4 d4 16. Nxe6 Nxe6 17. Ne4 Qd7 18. f4 Rad8 19. f5 Nc5 20. b4 Nxe4 21. Bxe4
Bf6 22. g5 Be5 23. Qd3 f6 24. h4 Rc8 25. Bd2 Nc4 26. Rac1 b5 27. Rf2 Nxd2 28.
Qxd2 Rxc1+ 29. Qxc1 Rc8 30. Qb1 Bg3 31. Qb3+ 1-0

[Event "GBR-ch89 Senior"]
[Site "Torquay"]
[Date "2002.08.09"]
[Round "7"]
[White "Heath, Jeffrey"]
[Black "Macrae, James"]
[Result "1/2-1/2"]
[WhiteElo "1688"]
[BlackElo "1520"]
[PlyCount "109"]
[EventDate "2002.08.03"]
[EventType "swiss"]
[EventRounds "7"]
[EventCountry "GBR"]

1. e4 Nc6 2. Nf3 d6 3. Bc4 Nf6 4. d3 Bg4 5. Nbd2 e6 6. Bb3 Be7 7. O-O O-O 8.
Qe1 Re8 9. h3 Bh5 10. Nh2 a6 11. c3 b5 12. f4 h6 13. Ndf3 Bg6 14. Bc2 a5 15.
Be3 Bf8 16. Nh4 Bh7 17. N2f3 Ne7 18. g4 Ng6 19. Qf2 Nxh4 20. Nxh4 Nd7 21. Kh2
g6 22. f5 exf5 23. gxf5 g5 24. Nf3 Bg7 25. Bd4 a4 26. a3 f6 27. b3 Kh8 28. Rg1
Bg8 29. Nd2 Ne5 30. Bxe5 dxe5 31. Rac1 Qd7 32. c4 Red8 33. Rg2 Bf8 34. c5 c6
35. Nf1 Bxb3 36. Bb1 Bf7 37. h4 Kg7 38. hxg5 hxg5 39. Rg3 Be7 40. Kg2 Rh8 41.
Bc2 Rh4 42. Rh3 Rah8 43. Rxh4 Rxh4 44. Nd2 Qd8 45. Rh1 Rxh1 46. Kxh1 Qh8+ 47.
Qh2 Qh5 48. Qxh5 Bxh5 49. Kg2 Bf8 50. Kg3 Kf7 51. Nb1 Ke7 52. Nc3 Kd7 53. Bd1
Bf7 54. Kg4 Bh6 55. Be2 1/2-1/2

[Event "GBR-ch89 Senior"]
[Site "Torquay"]
[Date "2002.08.09"]
[Round "7"]
[White "Macdonald-Ross, Michael"]
[Black "Gill, Neville"]
[Result "1/2-1/2"]
[WhiteElo "2064"]
[BlackElo "2112"]
[PlyCount "83"]
[EventDate "2002.08.03"]
[EventType "swiss"]
[EventRounds "7"]
[EventCountry "GBR"]

1. d4 Nf6 2. Nf3 d5 3. e3 Bf5 4. c4 c6 5. cxd5 cxd5 6. Qb3 Qc8 7. Nc3 e6 8. Bd2
Nc6 9. Bb5 Be7 10. Rc1 O-O 11. Ne5 Nd7 12. Nxd7 Qxd7 13. Na4 Rfc8 14. O-O Qd8
15. Nc5 Bxc5 16. Rxc5 Ne7 17. Rfc1 b6 18. R5c3 Rxc3 19. Rxc3 Rc8 20. Ba6 Rc6
21. Rxc6 Nxc6 22. Qc3 Nb8 23. Bb5 f6 24. Qc1 Bg6 25. Bb4 a6 26. Be2 Be8 27. b3
Bc6 28. a4 Bb7 29. Ba3 Qd7 30. Qc3 Nc6 31. b4 Na7 32. b5 axb5 33. Qb4 Qd8 34.
axb5 Nc8 35. h3 Kf7 36. Bh5+ g6 37. Bg4 Qe7 38. Qc3 Qd7 39. Qb4 Qe7 40. Qc3 Qd7
41. Be2 Qd8 42. Qb4 1/2-1/2

[Event "GBR-ch89 Senior"]
[Site "Torquay"]
[Date "2002.08.09"]
[Round "7"]
[White "Nicolson, James R"]
[Black "Smith, David"]
[Result "1/2-1/2"]
[WhiteElo "1656"]
[BlackElo "1704"]
[PlyCount "40"]
[EventDate "2002.08.03"]
[EventType "swiss"]
[EventRounds "7"]
[EventCountry "GBR"]

1. c4 e5 2. Nc3 f5 3. d4 exd4 4. Qxd4 Nc6 5. Qe3+ Qe7 6. Nd5 Qxe3 7. Bxe3 Kd8
8. Nf3 d6 9. g3 Ne5 10. Nxe5 dxe5 11. O-O-O Bd7 12. Bh3 c6 13. Bg5+ Kc8 14. Nc3
Be7 15. Bxe7 Nxe7 16. Rd2 Kc7 17. Rhd1 Rad8 18. Ne4 Bc8 19. Nd6 Rhf8 20. e4 g6
1/2-1/2

[Event "GBR-ch89 Senior"]
[Site "Torquay"]
[Date "2002.08.09"]
[Round "7"]
[White "Reddie, Michael J"]
[Black "Tidmarsh, David A"]
[Result "1/2-1/2"]
[WhiteElo "1800"]
[BlackElo "1648"]
[PlyCount "58"]
[EventDate "2002.08.03"]
[EventType "swiss"]
[EventRounds "7"]
[EventCountry "GBR"]

1. c4 e5 2. Nc3 Nf6 3. Nf3 Nc6 4. g3 g6 5. Bg2 Bg7 6. d3 O-O 7. O-O Re8 8. e4
d6 9. h3 h6 10. Be3 a6 11. Qd2 Kh7 12. Nd5 Ng8 13. b4 Nce7 14. Rfc1 f5 15. Rab1
Nxd5 16. cxd5 Bf6 17. Qc2 Re7 18. Rb3 c6 19. dxc6 bxc6 20. Qxc6 Bb7 21. Qc2 Rc8
22. Qb1 Rxc1+ 23. Qxc1 fxe4 24. dxe4 Bxe4 25. Ng5+ Bxg5 26. Bxg5 hxg5 27. Bxe4
Rc7 28. Rc3 Rxc3 29. Qxc3 Nf6 1/2-1/2

[Event "GBR-ch89 Senior"]
[Site "Torquay"]
[Date "2002.08.09"]
[Round "7"]
[White "Woodcock, Roy"]
[Black "Toothill, John"]
[Result "0-1"]
[WhiteElo "1664"]
[BlackElo "2048"]
[PlyCount "100"]
[EventDate "2002.08.03"]
[EventType "swiss"]
[EventRounds "7"]
[EventCountry "GBR"]

1. e4 e5 2. Nf3 Nc6 3. Bc4 Nf6 4. d4 exd4 5. O-O d6 6. Nxd4 Be7 7. Nc3 O-O 8.
Re1 Re8 9. Bf4 Ne5 10. Bxe5 dxe5 11. Nf3 Bd6 12. h3 h6 13. Nb5 Be6 14. Nxd6
cxd6 15. Bf1 Rc8 16. c3 Qb6 17. Qd2 Red8 18. b3 Qc6 19. Qe3 Qxc3 20. Qxa7 Qb4
21. Qe3 Rc3 22. Qe2 Rdc8 23. Qb5 Qxb5 24. Bxb5 Kf8 25. Nd2 Ke7 26. Bc4 Rc2 27.
Bxe6 fxe6 28. Nc4 Nd7 29. f3 Ra8 30. a4 Nc5 31. Reb1 Ra7 32. Nb6 Ra6 33. a5 Nd7
34. Nc4 Rc6 35. Ne3 R2c3 36. Nd1 Rd3 37. Rb2 d5 38. exd5 exd5 39. Kf2 e4 40.
Ke2 Nc5 41. fxe4 dxe4 42. b4 Nb3 43. Rab1 Nc1+ 44. Ke1 Rg3 45. Kf1 e3 46. b5
Rf6+ 47. Kg1 e2 48. Rxc1 e1=Q+ 49. Kh2 Qe5 50. Kg1 Rd3 0-1